000 00599nam a2200217Ii 4500
003 JO-AjNU
008 230606s9999||||xx |||||||||||||| ||und||
020 _a0-304-31471-4
040 _aJO-AjNU
_beng
_erda
_cJO-AjNU
041 _aeng
050 1 4 _aHD47.5.R56.1988
100 3 _aROBSON,A.P,
_eauthor
_93199
245 0 0 _aESSENTIAL ACCOUNTING FOR MANAGERS
250 _a5th ed
264 3 1 _aNew York:CASSELL,1988
300 _a122p
336 _atext
_btxt
_2rdacontent
337 _aunmediated
_bn
_2rdamedia
338 _avolume
_bnc
_2rdacarrier
650 4 _aaccounting for management
_93200
999 _aE1675
_c1675
_d1675